00266nam a2200097 a 450000500170000000800410001705000170005810000210007524500340009626000380013020140414131909.0101006s19uu xx 00 eng d aERbT43 1997 aAllen, Constance aTickle me :bmy name is Elmo. aNew York :bRandom House,c1997.